Statistics for Premier League 2021-22 Season Matchday 6 Scores

Click here to take the quiz!

General Stats

  • This quiz has been taken 35 times
  • The average score is 9 of 10

Answer Stats

Home ClubAway ClubScore% Correct
ChelseaManchester City0-1
100%
Manchester UnitedAston Villa0-1
100%
EvertonNorwich City2-0
89%
Leicester CityBurnley2-2
89%
BrentfordLiverpool3-3
89%
WatfordNewcastle United1-1
83%
ArsenalTottenham Hotspur3-1
83%
SouthamptonWolverhampton Wanderers0-1
78%
Crystal PalaceBrighton1-1
78%
Leeds UnitedWest Ham United1-2
78%

Score Distribution

Percentile by Number Answered

Percent of People with Each Score

Your Score History

You have not taken this quiz